[Event "Sautron Retif op 0405"]
[Site "Sautron"]
[Date "2004.11.27"]
[Round "3"]
[White "Szadeczki, Zoltan"]
[Black "Barbier, Alain"]
[Result "1-0"]
[WhiteElo "1499"]
[BlackElo "1199"]
[PlyCount "33"]
[EventDate "2004.10.16"]
[EventType "swiss"]
[EventRounds "7"]
[EventCountry "FRA"]
[SourceTitle "EXT 2007"]
[Source "ChessBase"]
[SourceDate "2006.11.23"]
[SourceVersion "1"]
[SourceVersionDate "2006.11.23"]
[SourceQuality "1"]

1. e4 e5 2. Nf3 Nc6 3. d4 Nf6 4. d5 Nb8 5. Nxe5 Qe7 6. Qd4 d6 7. Bb5+ Bd7 8. Nxd7 Nbxd7 9. Nc3 c5 10. dxc6 bxc6 11. Bxc6 Rc8 12. Bb5 Rc7 13. 0-0 Qe6 14. Re1 d5 15. Bf4 Bc5 16. Qd2 Rb7 17. exd5 1-0